00771nam a22002297a 450000500170000001000130001702000270003003500130005703700160007004000120008608200130009824500630011126000340017427000120020830000310022065000420025165000530029370000290034694200220037599900190039795201250041620170124110218.0 aB-064102B c$ 16.99a9780141008714 aB-064102 bCen Lib/Ret aDPLbEN a030bPEA aPears cyclopedia, 2002-2003 /cedited by Christopher Cook  aLondon bPenguin Books c2002 bLondon  avarious pagings c21cm(Hb) aEncyclopedias and dictionaries935853 aChildren's encyclopedias and dictionaries937647 aCook, Christopher 91210 2ddccENh030mPEA c133962d133962 001040718REFaLbLd2015-07-28eCen Lib/Retg0.00l0o030 PEApB-064102r2015-07-28 00:00:00t1v0.00w2015-07-28yEN